00816nam a2200229Ia 4500003000900000008004100009040001300050040001300063041000800076100002300084100000700107245016100114260003600275260000900311300001100320300001000331490001900341490000600360942000700366999001700373952019600390IT-RoPAU120407s9999 xx 000 0 und d aIT-RoPAU cIT-RoPAU aita aM. Margaret Tapang csr 4aThe mission of the Pious Disciples of The Divine Master in the Church and in the world today in the light of J. Alberione’s apostolic spirituality. s.c.  aPie Discepole del Divin Maestro c1987 a148 p. c21 cm auso manosritto v1 cBK c25922d25922 00102ddc406PD_2_10000000000000071aPAULUSbPAULUSd2012-04-11l0oPD2.1r2012-04-11 00:00:00w2012-04-11yBKzInserito da: Anna In data: 05 ottobre 2011 fondo: Via A.Severo 56 Progr:35127